[Event "ODJM C 2025"]
[Site "Willingen GER"]
[Date "2025.06.09"]
[Round "3"]
[White "Dimitrov, Pavel"]
[Black "Trunz, Daniel"]
[Result "0-1"]
[Termination "normal"]
[Board "20"]
[WhiteElo "1011"]
[BlackElo "1495"]
[WhiteClock "01:29:28"]
[BlackClock "01:21:29"]
[PlyCount "82"]
[WhiteFideId "533028206"]
[BlackFideId "34640797"]
[EventCountry "GER"]
[EventRounds "9"]
[EventType "swiss"]
[EventDate "2025.06.07"]

1. e4 {[%clk 01:30:58]} e5 {[%clk 01:30:59]} {[%emt 00:00:02]} 2. Nf3 {[%clk
01:31:14]} {[%emt 00:00:12]} Nc6 {[%clk 01:31:13]} {[%emt 00:00:16]} 3. Bc4
{[%clk 01:31:30]} {[%emt 00:00:13]} Bc5 {[%clk 01:31:37]} {[%emt 00:00:07]} 4.
d4 {[%clk 01:31:37]} {[%emt 00:00:22]} Bxd4 {[%clk 01:31:22]} {[%emt 00:00:44]}
5. Nxd4 {[%clk 01:31:26]} {[%emt 00:00:42]} Nxd4 {[%clk 01:31:44]} {[%emt
00:00:09]} 6. Be3 {[%clk 01:31:42]} {[%emt 00:00:13]} c5 {[%clk 01:30:56]}
{[%emt 00:01:19]} 7. c3 {[%clk 01:31:49]} {[%emt 00:00:23]} Nc6 {[%clk
01:30:47]} {[%emt 00:00:38]} 8. Bxc5 {[%clk 01:31:58]} {[%emt 00:00:22]} Nf6
{[%clk 01:30:57]} {[%emt 00:00:20]} 9. Nd2 {[%clk 01:32:02]} {[%emt 00:00:24]}
d6 {[%clk 01:31:05]} {[%emt 00:00:22]} 10. Be3 {[%clk 01:32:08]} {[%emt
00:00:23]} O-O {[%clk 01:31:17]} {[%emt 00:00:20]} 11. O-O {[%clk 01:32:27]}
{[%emt 00:00:10]} Bg4 {[%clk 01:31:14]} {[%emt 00:00:34]} 12. f3 {[%clk
01:32:38]} {[%emt 00:00:19]} Bh5 {[%clk 01:30:41]} {[%emt 00:01:04]} 13. Bd3
{[%clk 01:32:32]} {[%emt 00:00:33]} d5 {[%clk 01:30:44]} {[%emt 00:00:30]} 14.
exd5 {[%clk 01:32:46]} {[%emt 00:00:16]} Nxd5 {[%clk 01:30:54]} {[%emt
00:00:20]} 15. Be4 {[%clk 01:32:41]} {[%emt 00:00:34]} Nxe3 {[%clk 01:30:58]}
{[%emt 00:00:27]} 16. Qe2 {[%clk 01:32:40]} {[%emt 00:00:30]} Nxf1 {[%clk
01:30:57]} {[%emt 00:00:32]} 17. Kxf1 {[%clk 01:33:00]} {[%emt 00:00:10]} Qh4
{[%clk 01:29:43]} {[%emt 00:01:44]} 18. Kg1 {[%clk 01:32:33]} {[%emt 00:00:57]}
Rfd8 {[%clk 01:29:37]} {[%emt 00:00:36]} 19. Nc4 {[%clk 01:32:30]} {[%emt
00:00:33]} f5 {[%clk 01:28:28]} {[%emt 00:01:39]} 20. Bxc6 {[%clk 01:32:39]}
{[%emt 00:00:21]} bxc6 {[%clk 01:27:58]} {[%emt 00:01:01]} 21. Nxe5 {[%clk
01:32:34]} {[%emt 00:00:32]} Re8 {[%clk 01:27:47]} {[%emt 00:00:43]} 22. Re1
{[%clk 01:32:25]} {[%emt 00:00:39]} Qf6 {[%clk 01:27:38]} {[%emt 00:00:40]} 23.
Qc4+ {[%clk 01:32:22]} {[%emt 00:00:32]} Kh8 {[%clk 01:27:21]} {[%emt
00:00:48]} 24. Qc5 {[%clk 01:32:10]} {[%emt 00:00:42]} Re6 {[%clk 01:26:47]}
{[%emt 00:01:05]} 25. Nd3 {[%clk 01:32:10]} {[%emt 00:00:29]} Rxe1+ {[%clk
01:26:33]} {[%emt 00:00:44]} 26. Nxe1 {[%clk 01:32:30]} {[%emt 00:00:10]} Re8
{[%clk 01:26:26]} {[%emt 00:00:37]} 27. Kf1 {[%clk 01:32:40]} {[%emt 00:00:18]}
Qh4 {[%clk 01:25:44]} {[%emt 00:01:14]} 28. Nd3 {[%clk 01:31:56]} {[%emt
00:01:15]} Qxh2 {[%clk 01:25:36]} {[%emt 00:00:39]} 29. Kf2 {[%clk 01:30:51]}
{[%emt 00:01:31]} f4 {[%clk 01:23:50]} {[%emt 00:02:20]} 30. Qxc6 {[%clk
01:30:13]} {[%emt 00:01:08]} Qg3+ {[%clk 01:23:25]} {[%emt 00:00:55]} 31. Kf1
{[%clk 01:30:15]} {[%emt 00:00:23]} Rd8 {[%clk 01:23:28]} {[%emt 00:00:32]} 32.
Kg1 {[%clk 01:29:34]} {[%emt 00:01:07]} h6 {[%clk 01:23:11]} {[%emt 00:00:51]}
33. Qc4 {[%clk 01:29:05]} {[%emt 00:00:55]} Bxf3 {[%clk 01:22:47]} {[%emt
00:00:58]} 34. Nxf4 {[%clk 01:28:55]} {[%emt 00:00:39]} Rd1+ {[%clk 01:22:10]}
{[%emt 00:01:08]} 35. Qf1 {[%clk 01:29:07]} {[%emt 00:00:16]} Rxf1+ {[%clk
01:22:08]} {[%emt 00:00:33]} 36. Kxf1 {[%clk 01:29:15]} {[%emt 00:00:21]} Be4
{[%clk 01:21:56]} {[%emt 00:00:43]} 37. Kg1 {[%clk 01:29:00]} {[%emt 00:00:42]}
Qxf4 {[%clk 01:21:52]} {[%emt 00:00:37]} 38. c4 {[%clk 01:28:58]} {[%emt
00:00:31]} Qg3 {[%clk 01:21:44]} {[%emt 00:00:39]} 39. Kf1 {[%clk 01:29:07]}
{[%emt 00:00:21]} Qxg2+ {[%clk 01:21:47]} {[%emt 00:00:28]} 40. Ke1 {[%clk
01:29:17]} {[%emt 00:00:18]} Bf3 {[%clk 01:21:29]} {[%emt 00:00:49]} 41. c5
{[%clk 01:29:28]} {[%emt 00:00:19]} Qe2# {[%emt 00:00:08]} 0-1

[Event "ODJM C 2025"]
[Site "Willingen GER"]
[Date "2025.06.09"]
[Round "3"]
[White "Eßers, Mathilda Marie"]
[Black "Giss, Marlene"]
[Result "1-0"]
[Termination "normal"]
[Board "21"]
[WhiteElo "1463"]
[BlackElo "939"]
[WhiteClock "00:55:11"]
[BlackClock "00:37:32"]
[PlyCount "163"]
[WhiteFideId "34684093"]
[BlackFideId "533018391"]
[EventCountry "GER"]
[EventRounds "9"]
[EventType "swiss"]
[EventDate "2025.06.07"]

1. e4 {[%clk 01:30:57]} {[%emt 00:00:01]} c5 {[%clk 01:30:44]} {[%emt
00:00:15]} 2. Nc3 {[%clk 01:31:22]} {[%emt 00:00:05]} Nc6 {[%clk 01:30:51]}
{[%emt 00:00:23]} 3. Nge2 {[%clk 01:31:41]} {[%emt 00:00:11]} Nf6 {[%clk
01:30:20]} {[%emt 00:01:01]} 4. g3 {[%clk 01:31:55]} {[%emt 00:00:16]} e6
{[%clk 01:30:06]} {[%emt 00:00:44]} 5. Bg2 {[%clk 01:32:07]} {[%emt 00:00:19]}
Be7 {[%clk 01:30:11]} {[%emt 00:00:24]} 6. d3 {[%clk 01:32:28]} {[%emt
00:00:10]} b6 {[%clk 01:29:07]} {[%emt 00:01:34]} 7. e5 {[%clk 01:32:42]}
{[%emt 00:00:16]} Ng8 {[%clk 01:28:33]} {[%emt 00:01:02]} 8. O-O {[%clk
01:32:28]} {[%emt 00:00:40]} Bb7 {[%clk 01:28:46]} {[%emt 00:00:22]} 9. h3
{[%clk 01:31:37]} {[%emt 00:01:21]} Nxe5 {[%clk 01:28:14]} {[%emt 00:01:00]}
10. Bxb7 {[%clk 01:30:06]} {[%emt 00:02:03]} Rb8 {[%clk 01:28:03]} {[%emt
00:00:40]} 11. Bg2 {[%clk 01:30:19]} {[%emt 00:00:09]} Bg5 {[%clk 01:27:53]}
{[%emt 00:00:50]} 12. f4 {[%clk 01:30:37]} {[%emt 00:00:11]} Nxd3 {[%clk
01:26:57]} {[%emt 00:01:27]} 13. Qxd3 {[%clk 01:28:52]} {[%emt 00:02:15]} Bf6
{[%clk 01:26:48]} {[%emt 00:00:37]} 14. Ne4 {[%clk 01:28:29]} {[%emt 00:00:55]}
Be7 {[%clk 01:26:21]} {[%emt 00:00:52]} 15. g4 {[%clk 01:25:40]} {[%emt
00:03:23]} d5 {[%clk 01:22:14]} {[%emt 00:04:37]} 16. N4g3 {[%emt 00:00:42]} c4
{[%clk 01:20:17]} {[%emt 00:02:13]} 17. Qd1 {[%clk 01:25:34]} {[%emt 00:00:39]}
Qd7 {[%clk 01:18:04]} {[%emt 00:02:43]} 18. f5 {[%clk 01:24:48]} {[%emt
00:01:16]} Rd8 {[%clk 01:16:35]} {[%emt 00:01:59]} 19. b3 {[%clk 01:24:12]}
{[%emt 00:01:07]} cxb3 {[%clk 01:16:14]} {[%emt 00:00:50]} 20. axb3 {[%clk
01:24:27]} {[%emt 00:00:15]} d4 {[%clk 01:15:36]} {[%emt 00:01:07]} 21. Bb2
{[%clk 01:24:40]} {[%emt 00:00:17]} Bc5 {[%clk 01:14:14]} {[%emt 00:01:52]} 22.
Kh1 {[%clk 01:23:21]} {[%emt 00:01:48]} Nf6 {[%clk 01:12:59]} {[%emt 00:01:45]}
23. g5 {[%clk 01:23:04]} {[%emt 00:00:48]} Ng8 {[%clk 01:12:18]} {[%emt
00:01:10]} 24. Rf4 {[%clk 01:22:47]} {[%emt 00:00:40]} e5 {[%clk 01:11:52]}
{[%emt 00:01:02]} 25. Re4 {[%clk 01:20:28]} {[%emt 00:02:50]} f6 {[%clk
01:09:26]} {[%emt 00:02:57]} 26. Qd2 {[%clk 01:16:29]} {[%emt 00:04:29]} Ne7
{[%clk 01:07:14]} {[%emt 00:02:41]} 27. Rd1 {[%clk 01:13:28]} {[%emt 00:03:32]}
a5 {[%clk 01:04:59]} {[%emt 00:02:46]} 28. Nc1 {[%clk 01:09:46]} {[%emt
00:04:13]} Nc6 {[%clk 01:03:40]} {[%emt 00:01:41]} 29. Na2 {[%clk 01:07:50]}
{[%emt 00:02:33]} Rg8 {[%clk 01:02:46]} {[%emt 00:01:22]} 30. Nh5 {[%clk
01:07:26]} {[%emt 00:00:55]} Rf8 {[%clk 01:02:10]} {[%emt 00:01:06]} 31. c3
{[%clk 01:07:02]} {[%emt 00:00:55]} dxc3 {[%clk 01:00:54]} {[%emt 00:01:45]}
32. Qxd7+ {[%clk 01:07:11]} {[%emt 00:00:22]} Rxd7 {[%clk 01:00:21]} {[%emt
00:01:03]} 33. Rxd7 {[%clk 01:07:29]} {[%emt 00:00:12]} Kxd7 {[%clk 01:00:07]}
{[%emt 00:00:44]} 34. Bxc3 {[%clk 01:07:40]} {[%emt 00:00:19]} fxg5 {[%clk
00:59:46]} {[%emt 00:00:50]} 35. Nxg7 {[%clk 01:07:33]} {[%emt 00:00:38]} Rf7
{[%clk 00:59:22]} {[%emt 00:00:51]} 36. f6 {[%clk 01:03:59]} {[%emt 00:04:07]}
Bf8 {[%clk 00:58:17]} {[%emt 00:01:33]} 37. Bxe5 {[%clk 01:03:33]} {[%emt
00:00:57]} Nxe5 {[%clk 00:58:04]} {[%emt 00:00:42]} 38. Rxe5 {[%clk 01:03:41]}
{[%emt 00:00:23]} Bxg7 {[%clk 00:57:54]} {[%emt 00:00:39]} 39. fxg7 {[%clk
01:03:59]} {[%emt 00:00:13]} Rxg7 {[%clk 00:57:48]} {[%emt 00:00:35]} 40. Re4
{[%clk 01:03:34]} {[%emt 00:00:57]} h5 {[%clk 00:57:00]} {[%emt 00:01:17]} 41.
Bf3 {[%clk 01:03:43]} {[%emt 00:00:19]} h4 {[%clk 00:56:59]} {[%emt 00:00:33]}
42. Bg4+ {[%clk 01:00:12]} {[%emt 00:04:01]} Kd6 {[%clk 00:55:10]} {[%emt
00:02:19]} 43. Re6+ {[%clk 00:58:57]} {[%emt 00:01:45]} Kc7 {[%clk 00:53:48]}
{[%emt 00:01:52]} 44. Bf3 {[%clk 00:59:05]} {[%emt 00:00:23]} b5 {[%clk
00:52:46]} {[%emt 00:01:31]} 45. Rc6+ {[%clk 00:59:16]} {[%emt 00:00:19]} Kd7
{[%clk 00:52:28]} {[%emt 00:00:47]} 46. Rc5 {[%clk 00:59:31]} {[%emt 00:00:16]}
Rf7 {[%clk 00:51:27]} {[%emt 00:01:31]} 47. Bg4+ {[%clk 00:59:03]} {[%emt
00:00:58]} Kd6 {[%clk 00:50:33]} {[%emt 00:01:24]} 48. Rxb5 {[%clk 00:59:24]}
{[%emt 00:00:09]} Rf1+ {[%clk 00:50:20]} {[%emt 00:00:43]} 49. Kg2 {[%clk
00:59:47]} {[%emt 00:00:07]} Rb1 {[%clk 00:49:13]} {[%emt 00:01:35]} 50. Nc3
{[%clk 00:59:41]} {[%emt 00:00:38]} Rb2+ {[%clk 00:49:04]} {[%emt 00:00:39]}
51. Kf3 {[%clk 00:59:54]} {[%emt 00:00:15]} Kc6 {[%clk 00:48:33]} {[%emt
00:01:02]} 52. Na4 {[%clk 00:57:54]} {[%emt 00:02:32]} Rc2 {[%clk 00:47:49]}
{[%emt 00:01:11]} 53. Rxa5 {[%clk 00:58:01]} {[%emt 00:00:26]} Ra2 {[%clk
00:47:21]} {[%emt 00:00:57]} 54. Rxg5 {[%clk 00:58:16]} {[%emt 00:00:16]} Ra3
{[%clk 00:47:07]} {[%emt 00:00:43]} 55. Be6 {[%clk 00:58:16]} {[%emt 00:00:31]}
Kd6 {[%clk 00:46:36]} {[%emt 00:01:00]} 56. Bc4 {[%clk 00:58:34]} {[%emt
00:00:12]} Kc6 {[%clk 00:45:54]} {[%emt 00:01:12]} 57. Rg6+ {[%clk 00:58:47]}
{[%emt 00:00:18]} Kc7 {[%clk 00:45:42]} {[%emt 00:00:40]} 58. Kg4 {[%clk
00:58:54]} {[%emt 00:00:24]} Ra2 {[%clk 00:44:25]} {[%emt 00:01:45]} 59. Kxh4
{[%clk 00:58:03]} {[%emt 00:01:24]} Rh2 {[%clk 00:43:39]} {[%emt 00:01:14]} 60.
Kg3 {[%clk 00:58:05]} {[%emt 00:00:29]} Rh1 {[%clk 00:43:41]} {[%emt 00:00:28]}
61. h4 {[%clk 00:56:35]} {[%emt 00:02:01]} Rg1+ {[%clk 00:43:49]} {[%emt
00:00:21]} 62. Kh2 {[%clk 00:56:50]} {[%emt 00:00:15]} Rxg6 {[%clk 00:43:50]}
{[%emt 00:00:28]} 63. Kh3 {[%clk 00:56:52]} {[%emt 00:00:30]} Kd6 {[%clk
00:43:48]} {[%emt 00:00:31]} 64. h5 {[%clk 00:57:11]} {[%emt 00:00:11]} Rh6
{[%clk 00:43:44]} {[%emt 00:00:33]} 65. Kg4 {[%clk 00:57:19]} {[%emt 00:00:23]}
Rh7 {[%clk 00:43:45]} {[%emt 00:00:27]} 66. Kg5 {[%clk 00:57:38]} {[%emt
00:00:13]} Ke5 {[%clk 00:43:18]} {[%emt 00:00:57]} 67. Kg6 {[%clk 00:57:55]}
{[%emt 00:00:13]} Rh8 {[%clk 00:43:26]} {[%emt 00:00:22]} 68. h6 {[%clk
00:58:18]} {[%emt 00:00:08]} Kd6 {[%clk 00:43:25]} {[%emt 00:00:30]} 69. h7
{[%clk 00:58:44]} {[%emt 00:00:05]} Rd8 {[%clk 00:41:58]} {[%emt 00:01:50]} 70.
Bg8 {[%clk 00:58:51]} {[%emt 00:00:28]} Rc8 {[%clk 00:39:40]} {[%emt 00:02:49]}
71. h8=Q {[%clk 00:57:26]} {[%emt 00:00:14]} Rc6 {[%clk 00:39:45]} {[%emt
00:02:05]} 72. Bf7 {[%clk 00:56:28]} {[%emt 00:01:28]} Ke7+ {[%clk 00:39:31]}
{[%emt 00:00:44]} 73. Kg7 {[%clk 00:56:37]} {[%emt 00:00:22]} Rc1 {[%clk
00:39:03]} {[%emt 00:00:58]} 74. Qh4+ {[%clk 00:56:20]} {[%emt 00:00:43]} Kd6
{[%clk 00:38:40]} {[%emt 00:00:55]} 75. Qf4+ {[%clk 00:54:46]} {[%emt
00:02:05]} Ke7 {[%clk 00:38:29]} {[%emt 00:00:41]} 76. Qxc1 {[%clk 00:55:06]}
{[%emt 00:00:10]} Kd8 {[%clk 00:38:09]} {[%emt 00:00:50]} 77. Qg5+ {[%clk
00:55:11]} {[%emt 00:00:25]} Kd7 {[%clk 00:37:45]} {[%emt 00:00:55]} 78. Nc5+
{[%clk 00:55:29]} {[%emt 00:00:12]} Kd6 {[%clk 00:37:46]} {[%emt 00:00:28]} 79.
Qd5+ {[%clk 00:55:38]} {[%emt 00:00:21]} Kc7 {[%clk 00:37:16]} {[%emt
00:01:00]} 80. Qe6 {[%clk 00:55:08]} {[%emt 00:00:53]} Kb8 {[%clk 00:37:25]}
{[%emt 00:00:27]} 81. Qd7 {[%clk 00:54:52]} {[%emt 00:00:46]} Ka8 {[%clk
00:37:32]} {[%emt 00:00:24]} 82. Qb7# {[%clk 00:55:11]} {[%emt 00:00:11]} 1-0

[Event "ODJM C 2025"]
[Site "Willingen GER"]
[Date "2025.06.09"]
[Round "3"]
[White "Weimar, Yaron"]
[Black "Weibrecht, Theo"]
[Result "0-1"]
[Termination "normal"]
[Board "22"]
[WhiteElo "918"]
[BlackElo "1596"]
[PlyCount "108"]
[WhiteFideId "533013098"]
[BlackFideId "34660240"]
[EventCountry "GER"]
[EventRounds "9"]
[EventType "swiss"]
[EventDate "2025.06.07"]

1. e4 {[%emt 00:51:21]} c5 {[%emt 00:00:09]} 2. Nf3 {[%emt 00:00:04]} Nc6
{[%emt 00:00:03]} 3. d4 {[%emt 00:00:09]} cxd4 {[%emt 00:00:03]} 4. Nxd4 {[%emt
00:00:09]} g6 {[%emt 00:00:07]} 5. c4 {[%emt 00:00:09]} Bg7 {[%emt 00:00:15]}
6. Be3 {[%emt 00:00:12]} Nf6 {[%emt 00:00:13]} 7. Nc3 {[%emt 00:00:28]} O-O
{[%emt 00:01:55]} 8. Be2 {[%emt 00:00:56]} d6 {[%emt 00:00:19]} 9. O-O {[%emt
00:00:39]} Bd7 {[%emt 00:01:22]} 10. Qd2 {[%emt 00:02:36]} a6 {[%emt 00:03:39]}
11. f3 {[%emt 00:01:15]} Qc8 {[%emt 00:03:38]} 12. Rad1 {[%emt 00:01:37]} Rd8
{[%emt 00:02:08]} 13. a3 {[%emt 00:02:33]} Ne5 {[%emt 00:01:36]} 14. c5 {[%emt
00:03:05]} dxc5 {[%emt 00:00:59]} 15. Nb3 {[%emt 00:01:10]} b6 {[%emt
00:03:45]} 16. Nd5 {[%emt 00:00:35]} Nxd5 {[%emt 00:00:26]} 17. Qxd5 {[%emt
00:00:15]} Be6 {[%emt 00:00:40]} 18. Qxd8+ {[%emt 00:01:31]} Qxd8 {[%emt
00:00:08]} 19. Rxd8+ {[%emt 00:00:19]} Rxd8 {[%emt 00:00:01]} 20. Nc1 {[%emt
00:00:59]} Bc4 {[%emt 00:01:25]} 21. Kf2 {[%emt 00:03:00]} Bxe2 {[%emt
00:00:35]} 22. Kxe2 {[%emt 00:00:34]} Nc4 {[%emt 00:00:16]} 23. Kf2 {[%emt
00:00:28]} Bxb2 {[%emt 00:01:13]} 24. a4 {[%emt 00:01:48]} Nxe3 {[%emt
00:01:56]} 25. Kxe3 {[%emt 00:00:16]} Bd4+ {[%emt 00:00:33]} 26. Ke2 {[%emt
00:00:24]} e6 {[%emt 00:01:08]} 27. Rd1 {[%emt 00:00:27]} f5 {[%emt 00:01:31]}
28. e5 {[%emt 00:00:28]} Rd5 {[%emt 00:00:47]} 29. f4 {[%emt 00:00:34]} Rd7
{[%emt 00:01:24]} 30. Nb3 {[%emt 00:00:16]} Kf7 {[%emt 00:00:13]} 31. Nxd4
{[%emt 00:00:03]} cxd4 {[%emt 00:00:41]} 32. Rc1 {[%emt 00:00:27]} d3+ {[%emt
00:01:48]} 33. Ke3 {[%emt 00:00:31]} d2 {[%emt 00:00:09]} 34. Rd1 {[%emt
00:00:13]} Ke7 {[%emt 00:00:10]} 35. Rxd2 {[%emt 00:00:23]} Rxd2 {[%emt
00:00:04]} 36. Kxd2 {[%emt 00:00:17]} Kd7 37. Kc3 {[%emt 00:00:20]} Kc6 {[%emt
00:00:39]} 38. Kc4 {[%emt 00:00:33]} b5+ {[%emt 00:00:09]} 39. axb5+ {[%emt
00:00:17]} axb5+ {[%emt 00:00:03]} 40. Kb4 {[%emt 00:00:21]} Kb6 {[%emt
00:02:52]} 41. h4 {[%emt 00:00:18]} Kc6 {[%emt 00:00:12]} 42. g3 {[%emt
00:00:43]} Kb6 {[%emt 00:00:09]} 43. Kb3 {[%emt 00:00:18]} Kc5 {[%emt
00:00:06]} 44. Kc3 {[%emt 00:00:12]} b4+ {[%emt 00:00:08]} 45. Kb3 {[%emt
00:00:13]} Kb5 {[%emt 00:00:04]} 46. Kc2 {[%emt 00:00:14]} Kc4 {[%emt
00:00:04]} 47. h5 {[%emt 00:00:56]} gxh5 {[%emt 00:00:18]} 48. g4 {[%emt
00:00:15]} hxg4 {[%emt 00:00:05]} 49. Kb2 {[%emt 00:00:09]} g3 {[%emt
00:00:05]} 50. Kb1 {[%emt 00:00:08]} g2 {[%emt 00:00:05]} 51. Kb2 {[%emt
00:00:07]} g1=Q {[%emt 00:00:13]} 52. Kc2 {[%emt 00:00:23]} Qg2+ {[%emt
00:00:05]} 53. Kb1 {[%emt 00:00:21]} Kc3 {[%emt 00:00:23]} 54. Kc1 {[%emt
00:00:19]} Qc2# {[%emt 00:00:05]} 0-1

[Event "ODJM C 2025"]
[Site "Willingen GER"]
[Date "2025.06.09"]
[Round "3"]
[White "Wagner, Valentin Thien-Phú"]
[Black "Du, Vivian"]
[Result "0-1"]
[Termination "normal"]
[Board "23"]
[WhiteElo "1401"]
[BlackElo "1189"]
[WhiteClock "00:12:59"]
[BlackClock "01:01:23"]
[PlyCount "76"]
[WhiteFideId "34603492"]
[BlackFideId "533025924"]
[EventCountry "GER"]
[EventRounds "9"]
[EventType "swiss"]
[EventDate "2025.06.07"]

1. e4 {[%clk 01:30:57]} {[%emt 00:00:01]} d5 {[%clk 01:30:54]} {[%emt
00:00:09]} 2. exd5 {[%clk 01:31:01]} {[%emt 00:00:23]} Qxd5 {[%clk 01:31:14]}
{[%emt 00:00:12]} 3. Nc3 {[%clk 01:31:22]} {[%emt 00:00:06]} Qa5 {[%clk
01:31:34]} {[%emt 00:00:10]} 4. a3 {[%clk 01:30:59]} {[%emt 00:00:54]} c6
{[%clk 01:31:40]} {[%emt 00:00:23]} 5. Bc4 {[%clk 01:30:05]} {[%emt 00:01:23]}
Nf6 {[%clk 01:31:59]} {[%emt 00:00:12]} 6. Nf3 {[%clk 01:29:30]} {[%emt
00:01:03]} Bf5 {[%clk 01:32:07]} {[%emt 00:00:23]} 7. d3 {[%clk 01:27:00]}
{[%emt 00:03:01]} e6 {[%clk 01:31:59]} {[%emt 00:00:38]} 8. b4 {[%clk
01:26:34]} {[%emt 00:00:54]} Qc7 {[%clk 01:31:35]} {[%emt 00:00:56]} 9. O-O
{[%clk 01:25:57]} {[%emt 00:01:06]} Bd6 {[%clk 01:31:18]} {[%emt 00:00:48]} 10.
g3 {[%clk 01:11:57]} {[%emt 00:14:32]} Nbd7 {[%clk 01:30:57]} {[%emt 00:00:50]}
11. Nh4 {[%clk 00:57:19]} {[%emt 00:15:03]} Bg4 {[%clk 01:29:42]} {[%emt
00:01:49]} 12. Qe1 {[%clk 00:53:44]} {[%emt 00:04:04]} Ne5 {[%clk 01:27:56]}
{[%emt 00:02:17]} 13. f3 {[%clk 00:46:37]} {[%emt 00:07:37]} Bh5 {[%clk
01:24:59]} {[%emt 00:03:27]} 14. Bf4 {[%clk 00:41:01]} {[%emt 00:06:06]} Nxc4
{[%clk 01:23:56]} {[%emt 00:01:33]} 15. dxc4 {[%clk 00:39:37]} {[%emt
00:01:55]} Bxf4 {[%clk 01:24:09]} {[%emt 00:00:16]} 16. gxf4 {[%clk 00:39:30]}
{[%emt 00:00:35]} Qxf4 {[%clk 01:23:55]} {[%emt 00:00:46]} 17. Ne2 {[%clk
00:35:44]} {[%emt 00:04:16]} Qxc4 {[%clk 01:23:02]} {[%emt 00:01:23]} 18. Rd1
{[%clk 00:28:21]} {[%emt 00:07:54]} O-O {[%clk 01:21:14]} {[%emt 00:02:17]} 19.
Qf2 {[%clk 00:24:45]} {[%emt 00:04:05]} Nd5 {[%clk 01:17:58]} {[%emt 00:03:47]}
20. Ng3 {[%clk 00:22:56]} {[%emt 00:02:17]} Qxh4 {[%clk 01:17:54]} {[%emt
00:00:36]} 21. Rd4 {[%clk 00:22:31]} {[%emt 00:00:56]} Qg5 {[%clk 01:17:20]}
{[%emt 00:01:04]} 22. c4 {[%clk 00:20:58]} {[%emt 00:02:03]} Nf4 {[%clk
01:16:51]} {[%emt 00:00:57]} 23. Rxf4 {[%clk 00:21:17]} {[%emt 00:00:13]} Qxf4
{[%clk 01:15:56]} {[%emt 00:01:25]} 24. Nxh5 {[%clk 00:21:33]} {[%emt
00:00:14]} Qxc4 {[%clk 01:14:46]} {[%emt 00:01:41]} 25. Qg3 {[%clk 00:20:23]}
{[%emt 00:01:39]} Qd4+ {[%clk 01:13:50]} {[%emt 00:01:26]} 26. Kh1 {[%clk
00:20:30]} {[%emt 00:00:22]} g6 {[%clk 01:13:12]} {[%emt 00:01:09]} 27. Rg1
{[%clk 00:19:51]} {[%emt 00:01:07]} Rad8 {[%clk 01:10:49]} {[%emt 00:02:55]}
28. Qg5 {[%clk 00:18:56]} {[%emt 00:01:23]} Qc3 {[%clk 01:04:58]} {[%emt
00:06:24]} 29. Rg3 {[%clk 00:16:15]} {[%emt 00:03:09]} Rd1+ {[%clk 01:04:52]}
{[%emt 00:00:37]} 30. Kg2 {[%clk 00:16:29]} {[%emt 00:00:16]} Qd2+ {[%clk
01:04:33]} {[%emt 00:00:48]} 31. Kh3 {[%clk 00:15:41]} {[%emt 00:01:19]} Qxg5
{[%clk 01:04:51]} {[%emt 00:00:11]} 32. Rxg5 {[%clk 00:16:02]} {[%emt
00:00:09]} Rd3 {[%clk 01:04:00]} {[%emt 00:01:21]} 33. Kg3 {[%clk 00:15:52]}
{[%emt 00:00:40]} f6 {[%clk 01:03:06]} {[%emt 00:01:24]} 34. Rg4 {[%clk
00:14:30]} {[%emt 00:01:53]} f5 {[%clk 01:01:52]} {[%emt 00:01:43]} 35. Rg5
{[%clk 00:14:36]} {[%emt 00:00:23]} Rxa3 {[%clk 01:01:28]} {[%emt 00:00:56]}
36. h4 {[%clk 00:14:05]} {[%emt 00:01:00]} Kf7 {[%clk 01:01:17]} {[%emt
00:00:41]} 37. Nf4 {[%clk 00:14:08]} {[%emt 00:00:28]} e5 {[%clk 01:01:14]}
{[%emt 00:00:33]} 38. Ne2 {[%clk 00:12:59]} {[%emt 00:01:38]} h6 {[%clk
01:01:23]} {[%emt 00:00:20]} 0-1